| 000 | 00384nam a2200133Ia 4500 | ||
|---|---|---|---|
| 008 | 230917s9999||||xx |||||||||||||| ||und|| | ||
| 040 |
_e93656 _aMAIN |
||
| 041 | _aEnglish | ||
| 082 | _a352.4 S84H | ||
| 100 | _aSatyabir Singh | ||
| 245 | 0 | _aHealth administration: Working of government and private hospitals with special reference to Rohtak district | |
| 300 | _a95 p. | ||
| 942 | _cTH | ||
| 999 |
_c74826 _d74826 |
||